000
00293nam a2200121Ia 4500
008
220204s9999 xx 000 0 und d
082
_a
681.31
_b
HAR
100
_a
Harrel, William D
245
0
_a
Illustrated Pagemaker 4.0
260
_a
Bombay
_b
Jaico
_c
1993
650
_a
pagemaker
942
_c
BK
999
_c
40478
_d
40478